000 00978nam a2200253Ia 4500
003 OSt
005 20220923211141.0
006 a|||||r|||| 00| 0
007 ta
008 220922b |||||||| |||| 00| 0 hin d
020 _a8186064796 (hbk)
_c400
024 _a242,968
037 _b130, 11/11/2010, Vidyanidhi Prakashan
_cTextual
040 _aARTS
_cARTS
_bhin
041 _2hin
_ahin
082 _aQ127:24:g, 152P8
100 _aविद्या
_9158768
245 0 _aबृहदारण्यक उपनिषद् शांकर भाष्य समालोचनात्मक अध्ययन
246 _aBṛuhadāraṇyak upaniṣhad shāankar bhāṣhya samālochanātmak adhyayana
260 _aउदयपुर
_b अंकुर प्रकाशन
_c2008
300 _a224पृ.
_ccm.
942 _hQ127:24:g, 152P8
_cTEXL
_2CC
999 _c295961
_d295961